Isan - der arme Nordosten Thailands: Hans Gebhardt

Saved in:
Bibliographic Details
Main Author: Gebhardt, Hans (Author)
Format: Chapter/Article
Language:German
Published: 2003
In: Studium Generale - Thailand
Year: 2003, Pages: 217-262
Online Access: Get full text

MARC

LEADER 00000caa a2200000 c 4500
001 1461069122
003 DE-627
005 20240623173304.0
007 tu
008 130712s2003 gw ||||| 00| ||ger c
035 |a (DE-627)1461069122 
035 |a (DE-576)391069128 
035 |a (DE-599)BSZ391069128 
035 |a (OCoLC)1340491115 
040 |a DE-627  |b ger  |c DE-627  |e rakwb 
041 |a ger 
044 |c XA-DE 
084 |a 61  |2 sdnb 
100 1 |a Gebhardt, Hans  |d 1950-  |0 (DE-588)132336693  |0 (DE-627)521436923  |0 (DE-576)29908339X  |4 aut 
245 1 0 |a Isan - der arme Nordosten Thailands  |b Hans Gebhardt 
264 1 |c 2003 
300 |a 46 
336 |a Text  |b txt  |2 rdacontent 
337 |a ohne Hilfsmittel zu benutzen  |b n  |2 rdamedia 
338 |a Band  |b nc  |2 rdacarrier 
773 0 8 |i In  |t Studium Generale - Thailand  |d Tübingen : Selbstverl. des Geograph. Inst. der Univ., 2003  |g (2003), Seite 217-262  |h VII, 262 S.  |w (DE-627)37854909X  |w (DE-576)109729439  |z 3881210660  |7 nnam  |a Isan - der arme Nordosten Thailands Hans Gebhardt 
773 1 8 |g year:2003  |g pages:217-262  |g extent:46  |a Isan - der arme Nordosten Thailands Hans Gebhardt 
889 |w (DE-627)472973703 
935 |i mdedup 
951 |a AR 
992 |a 20130712 
993 |a BookComponentPart 
994 |a 2003 
998 |g 132336693  |a Gebhardt, Hans  |m 132336693:Gebhardt, Hans  |d 120000  |d 120700  |e 120000PG132336693  |e 120700PG132336693  |k 0/120000/  |k 1/120000/120700/  |p 1  |x j 
999 |a KXP-PPN1461069122  |e 2763393624 
BIB |a Y 
JSO |a {"physDesc":[{"extent":"46 S."}],"type":{"bibl":"chapter"},"person":[{"family":"Gebhardt","role":"aut","given":"Hans","display":"Gebhardt, Hans"}],"recId":"1461069122","language":["ger"],"id":{"eki":["1461069122"]},"relHost":[{"part":{"extent":"46","pages":"217-262","text":"(2003), Seite 217-262","year":"2003"},"disp":"Isan - der arme Nordosten Thailands Hans GebhardtStudium Generale - Thailand","relMultPart":[{"disp":"Tübinger geographische Studien","type":{"bibl":"serial"},"name":{"displayForm":["Hrsg. Geographisches Institut der Universität Tübingen"]},"recId":"130112070","id":{"zdb":["503951-4"],"issn":["0564-4232"],"eki":["130112070"]},"title":[{"title":"Tübinger geographische Studien","title_sort":"Tübinger geographische Studien"}],"dispAlt":"Tübinger geographische Studien","origin":[{"publisher":"Geographisches Inst.","publisherPlace":"Tübingen","dateIssuedDisp":"1958-","dateIssuedKey":"1958"}],"part":{"number":["137"],"number_sort":["137"]},"pubHistory":["H. 1.1958 -"],"language":["ger"],"corporate":[{"role":"isb","display":"Eberhard Karls Universität Tübingen"}]}],"title":[{"subtitle":"Ressourcen, Strukturen, Entwicklungen eines tropischen Schwellenlandes ; [Ringvorlesung WS 97/98 ; Thailand, der nächste Tigerstaat Südostasiens?] ; mit 29 Tabellen","title":"Studium Generale - Thailand","title_sort":"Studium Generale - Thailand"}],"note":["Enth. 7 Beitr"],"origin":[{"publisher":"Selbstverl. des Geograph. Inst. der Univ.","publisherPlace":"Tübingen","dateIssuedDisp":"2003","dateIssuedKey":"2003"}],"type":{"bibl":"edited-book"},"name":{"displayForm":["Jürgen Hohnholz ... (Hrsg.)"]},"physDesc":[{"noteIll":"Ill., graph. Darst., Kt.","extent":"VII, 262 S."}],"id":{"eki":["37854909X"],"isbn":["3881210660"]},"person":[{"role":"oth","family":"Hohnholz","display":"Hohnholz, Jürgen H.","given":"Jürgen H."},{"role":"oth","family":"Pfeffer","display":"Pfeffer, Karl-Heinz","given":"Karl-Heinz"},{"role":"edt","family":"Hohnholz","display":"Hohnholz, Jürgen H.","given":"Jürgen H."}],"language":["ger"],"recId":"37854909X"}],"title":[{"title_sort":"Isan - der arme Nordosten Thailands","title":"Isan - der arme Nordosten Thailands","subtitle":"Hans Gebhardt"}],"origin":[{"dateIssuedDisp":"2003","dateIssuedKey":"2003"}]} 
SRT |a GEBHARDTHAISANDERARM2003